[Event "Lima Palma Memorial 2nd"]
[Site "Lima"]
[Date "2016.09.11"]
[Round "3.4"]
[White "Navarro, Edmundo"]
[Black "Pazos, Marco"]
[Result "1-0"]
[WhiteElo "1907"]
[BlackElo "1866"]
[PlyCount "51"]
[EventDate "2016.09.09"]
[EventType "swiss"]
[EventRounds "7"]
[EventCountry "PER"]
[SourceTitle "EXT 2024"]
[Source "ChessBase"]
[SourceDate "2023.10.10"]
[SourceVersion "1"]
[SourceVersionDate "2023.10.10"]
[SourceQuality "1"]

1. e4 e6 2. d4 d5 3. Nc3 Bb4 4. e5 c5 5. Bd2 f5 6. Nb5 Bxd2+ 7. Qxd2 Nc6 8. dxc5 Nh6 9. Nd6+ Kf8 10. f4 g5 11. Nf3 gxf4 12. Qxf4 Nf7 13. c3 Rg8 14. h3 Rg6 15. g4 Nxd6 16. cxd6 Qa5 17. 0-0-0 Qxa2 18. Bd3 Ke8 19. Nh4 Rg7 20. gxf5 Rf7 21. Rhg1 Rf8 22. f6 Bd7 23. Bxh7 Nxe5 24. Qxe5 Qa1+ 25. Bb1 Rc8 26. f7+ 1-0

[Event "Lima Palma Memorial 2nd"]
[Site "Lima"]
[Date "2016.09.09"]
[Round "1.8"]
[White "Ugarelli, Juan"]
[Black "Pazos, Marco"]
[Result "0-1"]
[WhiteElo "1501"]
[BlackElo "1866"]
[PlyCount "117"]
[EventDate "2016.09.09"]
[EventType "swiss"]
[EventRounds "7"]
[EventCountry "PER"]
[SourceTitle "EXT 2024"]
[Source "ChessBase"]
[SourceDate "2023.10.10"]
[SourceVersion "1"]
[SourceVersionDate "2023.10.10"]
[SourceQuality "1"]

1. e4 e6 2. d4 d5 3. exd5 exd5 4. c4 Bb4+ 5. Nc3 Qe7+ 6. Be3 Nf6 7. a3 Bxc3+ 8. bxc3 Ng4 9. Qf3 Nxe3 10. Qxe3 Be6 11. cxd5 Bxd5 12. Qxe7+ Kxe7 13. c4 Be6 14. Nf3 Rd8 15. Be2 Kf6 16. 0-0 g5 17. d5 Bc8 18. Rfe1 Na6 19. Bd3 h6 20. Bc2 Nc5 21. Re3 b6 22. Rae1 Ba6 23. Ne5 Kg7 24. Nc6 Rd6 25. Rc3 Bb7 26. Nd4 Rf6 27. Re7 c6 28. d6 Rxd6 29. Nf5+ Kf8 30. Nxd6 Kxe7 31. Nxb7 Nxb7 32. Rh3 Rh8 33. Kf1 Kd6 34. Rf3 Nd8 35. Rf6+ Kc5 36. Be4 Re8 37. f3 Re6 38. Rxe6 fxe6 39. Bd3 Kd4 40. Ke2 Nf7 41. Bg6 Ne5 42. Be8 Kxc4 43. Ke3 Kd5 44. f4 Ng4+ 45. Kf3 Nxh2+ 46. Kg3 Nf1+ 47. Kf2 Nd2 48. fxg5 hxg5 49. Bg6 Nc4 50. a4 Ne5 51. Bc2 c5 52. Ke3 c4 53. g3 a6 54. Bh7 b5 55. axb5 axb5 56. Be4+ Kc5 57. Bh1 b4 58. Ke4 Nd3 59. Ke3 0-1

[Event "Lima Peru Chess"]
[Site "Lima"]
[Date "2014.02.01"]
[Round "5"]
[White "Navarro, Edmundo"]
[Black "Pazos, Marco"]
[Result "1-0"]
[WhiteElo "1980"]
[BlackElo "1957"]
[PlyCount "105"]
[EventDate "2014.01.28"]
[EventType "tourn"]
[EventRounds "11"]
[EventCountry "PER"]
[SourceTitle "EXT 2018"]
[Source "ChessBase"]
[SourceDate "2017.10.13"]
[SourceVersion "1"]
[SourceVersionDate "2017.10.13"]
[SourceQuality "1"]

1. e4 e6 2. d4 d5 3. Nc3 Bb4 4. Nge2 dxe4 5. a3 Be7 6. Nxe4 Nf6 7. Nxf6+ Bxf6 8. Be3 0-0 9. Qd2 c5 10. 0-0-0 Qb6 11. Nc3 Qa5 12. Nb5 Qxd2+ 13. Bxd2 Na6 14. dxc5 Nxc5 15. Be3 Be7 16. b4 Na4 17. Nc7 Rb8 18. Bxa7 Bg5+ 19. Be3 Bxe3+ 20. fxe3 Nc3 21. Rd3 Ne4 22. Rd4 Nf2 23. Rg1 e5 24. Rd5 Ng4 25. Bd3 f6 26. Re1 g6 27. h3 Nh6 28. Bc4 Kg7 29. g4 Nf7 30. Red1 Rh8 31. Rd7 Bxd7 32. Rxd7 Rhc8 33. Rxf7+ Kh6 34. h4 b5 35. Be2 Rb7 36. Bxb5 Rcxc7 37. Rxc7 Rxc7 38. a4 g5 39. h5 f5 40. gxf5 g4 41. Bf1 Kxh5 42. a5 g3 43. Kb2 Ra7 44. Kb3 Kg4 45. f6 Kf3 46. Ka4 g2 47. Bxg2+ Kxg2 48. b5 h5 49. b6 Rb7 50. Kb5 h4 51. a6 h3 52. axb7 h2 53. b8Q 1-0

[Event "Lima Santisimo Nombre de Jesus 1"]
[Site "Lima"]
[Date "2013.02.03"]
[Round "8"]
[White "Pazos, Marco"]
[Black "Rubio, Ramos Becquer Isaac"]
[Result "1-0"]
[WhiteElo "1965"]
[BlackElo "1664"]
[PlyCount "55"]
[EventDate "2013.01.31"]
[EventType "swiss"]
[EventRounds "8"]
[EventCountry "PER"]
[SourceTitle "EXT 2024"]
[Source "ChessBase"]
[SourceDate "2023.10.10"]
[SourceVersion "1"]
[SourceVersionDate "2023.10.10"]
[SourceQuality "1"]

1. Nf3 Nf6 2. g3 d5 3. Bg2 c6 4. 0-0 e6 5. d3 Be7 6. Nbd2 0-0 7. e4 dxe4 8. dxe4 Nbd7 9. e5 Nd5 10. a3 Qc7 11. Re1 Rd8 12. c4 N5b6 13. Qc2 Nf8 14. b3 Bd7 15. h4 Be8 16. Bb2 Rd7 17. Bc3 Rad8 18. Bf1 Nc8 19. Ne4 b6 20. b4 Qb7 21. Qc1 Qc7 22. Qf4 Kh8 23. h5 h6 24. Nf6 Bxf6 25. exf6 Qxf4 26. fxg7+ Kh7 27. gxf8Q Qg4 28. Qh8# 1-0

[Event "Lima Santisimo Nombre de Jesus 1"]
[Site "Lima"]
[Date "2013.02.01"]
[Round "5"]
[White "Lopez Callata, Jorge"]
[Black "Pazos, Marco"]
[Result "0-1"]
[WhiteElo "1889"]
[BlackElo "1965"]
[PlyCount "82"]
[EventDate "2013.01.31"]
[EventType "swiss"]
[EventRounds "8"]
[EventCountry "PER"]
[SourceTitle "EXT 2024"]
[Source "ChessBase"]
[SourceDate "2023.10.10"]
[SourceVersion "1"]
[SourceVersionDate "2023.10.10"]
[SourceQuality "1"]

1. Nf3 Nf6 2. c4 g6 3. Nc3 Bg7 4. g3 0-0 5. Bg2 d6 6. 0-0 e5 7. Rb1 Re8 8. d3 Nbd7 9. b4 a5 10. a3 Nf8 11. Bg5 Ne6 12. Bxf6 Bxf6 13. Nd5 Bg7 14. b5 b6 15. e3 e4 16. Ne1 Nc5 17. d4 Nd7 18. f3 Bb7 19. fxe4 Bxd5 20. exd5 Rxe3 21. Nc2 Re7 22. Rb3 f5 23. Re1 Bh6 24. Re6 Nf8 25. Qe2 Nxe6 26. dxe6 Rb8 27. d5 Bg7 28. Rd3 Qf8 29. Qf2 Be5 30. Rf3 Qg7 31. a4 Rf8 32. Bh3 Rf6 33. Kh1 Kf8 34. Ne1 Ke8 35. Nd3 Bc3 36. Qe3 Rf8 37. Nf4 Bd4 38. Qd3 Qe5 39. Ne2 Bc5 40. Bg2 Rg7 41. Rf1 Ke7 0-1

[Event "Lima Santisimo Nombre de Jesus 1"]
[Site "Lima"]
[Date "2013.02.01"]
[Round "4"]
[White "Pazos, Marco"]
[Black "Cruz Pereyra, Andresantoni"]
[Result "1/2-1/2"]
[WhiteElo "1965"]
[BlackElo "1948"]
[PlyCount "36"]
[EventDate "2013.01.31"]
[EventType "swiss"]
[EventRounds "8"]
[EventCountry "PER"]
[SourceTitle "EXT 2024"]
[Source "ChessBase"]
[SourceDate "2023.10.10"]
[SourceVersion "1"]
[SourceVersionDate "2023.10.10"]
[SourceQuality "1"]

1. Nf3 g6 2. d4 Bg7 3. c4 Nf6 4. Nc3 0-0 5. e4 d6 6. Be2 Bg4 7. 0-0 Nc6 8. Be3 Nd7 9. h3 Bxf3 10. Bxf3 e5 11. dxe5 Ncxe5 12. Be2 Nb6 13. c5 Nbc4 14. Qc1 Nxe3 15. Qxe3 dxc5 16. Qxc5 c6 17. Rad1 Nd7 18. Qb4 Qb6 1/2-1/2

[Event "Lima Santisimo Nombre de Jesus 1"]
[Site "Lima"]
[Date "2013.01.31"]
[Round "3"]
[White "Rodriguez Sagueo, Daniel"]
[Black "Pazos, Marco"]
[Result "0-1"]
[WhiteElo "1669"]
[BlackElo "1965"]
[PlyCount "68"]
[EventDate "2013.01.31"]
[EventType "swiss"]
[EventRounds "8"]
[EventCountry "PER"]
[SourceTitle "EXT 2024"]
[Source "ChessBase"]
[SourceDate "2023.10.10"]
[SourceVersion "1"]
[SourceVersionDate "2023.10.10"]
[SourceQuality "1"]

1. e4 e6 2. b3 d5 3. exd5 exd5 4. d4 Nf6 5. Bd3 Nc6 6. Bb2 Bg4 7. f3 Bh5 8. Ne2 Bg6 9. Nf4 Bd6 10. Nxg6 hxg6 11. Nc3 Bg3+ 12. Kf1 Rxh2 13. Rxh2 Bxh2 14. Qd2 Qd6 15. Re1+ Kd7 16. Nb5 Qf4 17. Qxf4 Bxf4 18. Kf2 Rh8 19. c4 Nh5 20. Rh1 Nb4 21. Bb1 Re8 22. Rxh5 gxh5 23. a3 h4 24. Bc3 Nc6 25. Bf5+ Kd8 26. cxd5 Bg3+ 27. Kf1 Ne7 28. Be4 f5 29. d6 fxe4 30. dxe7+ Rxe7 31. Ke2 a6 32. Bb4 exf3+ 33. Kxf3 Rf7+ 34. Ke4 axb5 0-1

[Event "Tingo Maria op 5th"]
[Site "Tingo Maria"]
[Date "2012.10.13"]
[Round "3"]
[White "Atencia Ambicho, Fidel"]
[Black "Pazos, Marco"]
[Result "0-1"]
[WhiteElo "1915"]
[BlackElo "1948"]
[PlyCount "80"]
[EventDate "2012.10.12"]
[EventType "swiss"]
[EventRounds "7"]
[EventCountry "PER"]
[SourceTitle "EXT 2013"]
[Source "ChessBase"]
[SourceDate "2012.11.22"]
[SourceVersion "1"]
[SourceVersionDate "2012.11.22"]
[SourceQuality "1"]

1. d4 g6 2. Nf3 Nf6 3. c4 Bg7 4. Nc3 0-0 5. e4 d6 6. Bd3 c5 7. d5 e6 8. Bg5 Qa5 9. Qd2 exd5 10. Bxf6 Bxf6 11. Nxd5 Qxd2+ 12. Kxd2 Bd8 13. h4 Nc6 14. h5 Bg4 15. Nh2 Be6 16. f4 Bxd5 17. cxd5 Nb4 18. Nf3 Re8 19. hxg6 hxg6 20. a3 Nxd3 21. Kxd3 c4+ 22. Kxc4 Rxe4+ 23. Kd3 Rxf4 24. Rac1 Rf5 25. Kc4 Bf6 26. Rhd1 Bxb2 27. Rb1 Rc8+ 28. Kb3 Bf6 29. Rbc1 Rxc1 30. Rxc1 Rxd5 31. Rc8+ Kg7 32. Rc7 Rb5+ 33. Kc4 Rc5+ 34. Rxc5 dxc5 35. a4 Bd4 36. a5 f5 37. Kd5 Bc3 38. a6 bxa6 39. Kxc5 Kf6 40. Ng1 Ke5 0-1

[Event "San Cristobal Bolivar op 1st"]
[Site "San Cristobal"]
[Date "2012.09.30"]
[Round "10"]
[White "Pazos, Marco"]
[Black "Pautt Andrade, Jose Gregorio"]
[Result "1-0"]
[WhiteElo "1948"]
[BlackElo "2183"]
[PlyCount "119"]
[EventDate "2012.09.25"]
[EventType "swiss"]
[EventRounds "10"]
[EventCountry "VEN"]
[SourceTitle "EXT 2013"]
[Source "ChessBase"]
[SourceDate "2012.11.22"]
[SourceVersion "1"]
[SourceVersionDate "2012.11.22"]
[SourceQuality "1"]

1. e4 d6 2. c4 Nf6 3. Nc3 g6 4. d4 Bg7 5. f4 0-0 6. Be2 c5 7. d5 e6 8. Nf3 exd5 9. cxd5 b5 10. Bxb5 Nxe4 11. Nxe4 Qa5+ 12. Kf2 Qxb5 13. Nxd6 Qb6 14. Nc4 Qa6 15. Qb3 Nd7 16. Rd1 Rb8 17. Qd3 Nf6 18. Nfe5 Bf5 19. Qa3 Qxa3 20. bxa3 Bc2 21. Be3 Bxd1 22. Rxd1 Rbd8 23. d6 Nd7 24. Nc6 Rde8 25. Ne7+ Kh8 26. Rd2 Rb8 27. Nc6 Ra8 28. N4e5 Nf6 29. Kf3 c4 30. Nxc4 Rfc8 31. N4e5 Nd7 32. Ne7 Bxe5 33. Nxc8 Bc3 34. Rc2 Ba5 35. Nxa7 Kg7 36. Rc8 Rxc8 37. Nxc8 Kf6 38. Ke4 Ke6 39. Kd3 Kd5 40. Bd2 Nc5+ 41. Kc2 Bd8 42. Bb4 Ne6 43. Ne7+ Kc4 44. f5 Nd4+ 45. Kd2 gxf5 46. Ke3 h6 47. Kf4 Kd3 48. Nxf5 Bg5+ 49. Kg4 Nc6 50. Ne7 Nd4 51. g3 Ke4 52. h4 Bf6 53. Kh5 Bg7 54. d7 Ne6 55. Nc6 Bf6 56. Be7 Ng7+ 57. Kg4 h5+ 58. Kh3 Bxe7 59. Nxe7 Ne6 60. Nc6 1-0

[Event "Lima Ingenieros CC op 2nd"]
[Site "Lima"]
[Date "2012.06.02"]
[Round "3"]
[White "Balvin, Jorge"]
[Black "Pazos, Marco"]
[Result "0-1"]
[WhiteElo "1753"]
[BlackElo "1950"]
[PlyCount "74"]
[EventDate "2012.06.01"]
[EventType "swiss"]
[EventRounds "9"]
[EventCountry "PER"]
[SourceTitle "EXT 2014"]
[Source "ChessBase"]
[SourceDate "2013.11.20"]
[SourceVersion "1"]
[SourceVersionDate "2013.11.20"]
[SourceQuality "1"]

1. e4 e6 2. d3 d5 3. Nd2 dxe4 4. dxe4 e5 5. Ngf3 Nd7 6. g3 Ngf6 7. Bg2 Bc5 8. 0-0 0-0 9. c3 a5 10. Qc2 b5 11. h3 Ba6 12. Rd1 Qe7 13. Nf1 Bb7 14. Nh4 Rfd8 15. Bg5 h6 16. Be3 Bxe3 17. Nxe3 Nc5 18. Qe2 c6 19. Nef5 Qc7 20. Qe3 Ne6 21. Qf3 Kh7 22. Qe2 g6 23. Ne3 Ng5 24. Ng4 Nxg4 25. hxg4 Bc8 26. Nf3 Nxf3+ 27. Bxf3 Be6 28. Kg2 Rxd1 29. Rxd1 Rd8 30. Rh1 g5 31. Qe3 Kg6 32. a3 a4 33. Qc5 Qd6 34. Qxd6 Rxd6 35. Rd1 Rxd1 36. Bxd1 Bc4 37. Kf3 Kf6 0-1

[Event "Rio de Janeiro zt 2.4"]
[Site "Rio de Janeiro"]
[Date "2011.06.25"]
[Round "8"]
[White "Pazos, Marco"]
[Black "Chiari, Arthur Gontijo"]
[Result "1/2-1/2"]
[WhiteElo "1985"]
[BlackElo "2016"]
[PlyCount "181"]
[EventDate "2011.06.18"]
[EventType "swiss"]
[EventRounds "9"]
[EventCountry "BRA"]
[SourceTitle "CBM 143 Extra"]
[Source "ChessBase"]
[SourceDate "2011.08.29"]
[SourceVersion "1"]
[SourceVersionDate "2011.08.29"]
[SourceQuality "1"]

1. Nf3 c5 2. g3 g6 3. Bg2 Bg7 4. e4 Nc6 5. 0-0 d6 6. d3 e5 7. Nc3 Nge7 8. Ne1 0-0 9. f4 Be6 10. Be3 b6 11. f5 gxf5 12. exf5 Nxf5 13. Rxf5 Bxf5 14. Bxc6 Rc8 15. Bd5 Kh8 16. Nf3 Qd7 17. Qd2 Bg4 18. Rf1 f5 19. Ng5 Rce8 20. Qg2 Rb8 21. h3 Bh5 22. Ne6 Rf6 23. g4 fxg4 24. Rxf6 Bxf6 25. Ne4 Be7 26. hxg4 Bf7 27. N4g5 Bxg5 28. Nxg5 Bxd5 29. Qxd5 Qxg4+ 30. Qg2 Qxg2+ 31. Kxg2 Kg7 32. Kf3 h5 33. Ke4 Kf6 34. Kd5 Ke7 35. Ne4 Rg8 36. Bg5+ Kf7 37. Kxd6 Kg6 38. Kxe5 Re8+ 39. Kf4 Rf8+ 40. Kg3 Rf1 41. Bd2 Rb1 42. Bc3 Rc1 43. Nd6 Rxc2 44. a3 a6 45. Nc4 b5 46. Ne5+ Kf5 47. Nf3 a5 48. Ne1 h4+ 49. Kxh4 Re2 50. Nf3 Kf4 51. Ng1 Rh2+ 52. Nh3+ Kf3 53. Bxa5 Kg2 54. Bb6 Rxh3+ 55. Kg4 Rxd3 56. Bxc5 Rd2 57. b3 Rd3 58. a4 Rxb3 59. axb5 Rxb5 60. Bd6 Rd5 61. Bc7 Rd4+ 62. Kf5 Kf3 63. Ke5 Rd3 64. Bb6 Rb3 65. Bc7 Rb5+ 66. Kd6 Ke4 67. Kc6 Rb4 68. Kc5 Rb2 69. Kc6 Kd4 70. Bb6+ Kc4 71. Bg1 Rg2 72. Be3 Rg7 73. Bf2 Kd3 74. Bb6 Ke4 75. Bc7 Kd4 76. Bb6+ Ke5 77. Bc7+ Ke6 78. Bb6 Rg3 79. Bd4 Rd3 80. Bf2 Rc3+ 81. Kb7 Ra3 82. Kc6 Ra2 83. Be3 Ke7 84. Kd5 Kd7 85. Ke4 Ke6 86. Bb6 Ra3 87. Bg1 Rg3 88. Ba7 Rg4+ 89. Kf3 Kf5 90. Bb8 Rb4 91. Ba7 1/2-1/2

[Event "Cajamarca op 2nd"]
[Site "Cajamarca"]
[Date "2010.12.05"]
[Round "7"]
[White "Moreno, William"]
[Black "Pazos, Marco"]
[Result "1-0"]
[WhiteElo "2138"]
[BlackElo "2000"]
[PlyCount "67"]
[EventDate "2010.12.03"]
[EventType "swiss"]
[EventRounds "7"]
[EventCountry "PER"]
[SourceTitle "EXT 2024"]
[Source "ChessBase"]
[SourceDate "2023.10.10"]
[SourceVersion "1"]
[SourceVersionDate "2023.10.10"]
[SourceQuality "1"]

1. d4 Nf6 2. c4 d6 3. Nc3 g6 4. e4 Bg7 5. f4 0-0 6. Nf3 c5 7. d5 Na6 8. Be2 Nc7 9. 0-0 Rb8 10. h3 Bd7 11. a4 b6 12. e5 Nfe8 13. Bd2 a6 14. Ne4 Bf5 15. Ng3 Qc8 16. Bc3 b5 17. b3 Bh6 18. Nxf5 Qxf5 19. Bd3 Qd7 20. Nh2 b4 21. Bb2 Bg7 22. Qc2 e6 23. dxe6 Nxe6 24. f5 Nd4 25. Bxd4 cxd4 26. e6 fxe6 27. fxg6 h6 28. Rxf8+ Kxf8 29. Rf1+ Kg8 30. Rf7 Qc6 31. Qe2 Nc7 32. Ng4 Rf8 33. Rxf8+ Kxf8 34. Qf2+ 1-0

[Event "Capablanca Memorial op 44th"]
[Site "Havana"]
[Date "2009.06.18"]
[Round "10"]
[White "Pazos, Marco"]
[Black "Lucena, Lincoln"]
[Result "0-1"]
[WhiteElo "1973"]
[BlackElo "2206"]
[PlyCount "102"]
[EventDate "2009.06.08"]
[EventType "swiss"]
[EventRounds "10"]
[EventCountry "CUB"]
[SourceTitle "CBM 130 Extra"]
[Source "ChessBase"]
[SourceDate "2009.07.02"]
[SourceVersion "2"]
[SourceVersionDate "2009.07.15"]
[SourceQuality "1"]

1. Nf3 c5 2. g3 Nc6 3. Bg2 g6 4. 0-0 Bg7 5. c4 d6 6. Nc3 Bf5 7. h3 h6 8. d3 Qd7 9. Kh2 Rb8 10. Nd5 b5 11. cxb5 Rxb5 12. Qa4 Rb8 13. Nh4 Nb4 14. Qd1 Nxd5 15. e4 Bxe4 16. dxe4 Nc7 17. f4 e5 18. fxe5 Bxe5 19. Nf3 Bg7 20. Bf4 Rb6 21. e5 Ne6 22. exd6 Nxf4 23. gxf4 Rxd6 24. Qc2 Ne7 25. Qxc5 0-0 26. Rf2 Rc8 27. Qa5 Rb6 28. Ne5 Qd4 29. Qd2 Bxe5 30. fxe5 Qxe5+ 31. Kg1 Nf5 32. Re1 Qc5 33. Qd5 Qb4 34. Re4 Rc1+ 35. Kh2 Qd6+ 36. Qxd6 Rxd6 37. Rb4 Rc7 38. Be4 Nd4 39. Kg2 Re7 40. Bb7 a5 41. Ra4 Rxb7 42. Rxa5 Kg7 43. Ra8 Rc6 44. Rd8 Nf5 45. Ra8 h5 46. a4 Rcb6 47. a5 Rxb2 48. a6 Rxf2+ 49. Kxf2 Rb3 50. a7 Ra3 51. Ke1 Ne7 0-1

[Event "Capablanca Memorial op 44th"]
[Site "Havana"]
[Date "2009.06.14"]
[Round "6"]
[White "Miranda Llanes, Yerisbel"]
[Black "Pazos, Marco"]
[Result "0-1"]
[WhiteElo "2196"]
[BlackElo "1973"]
[PlyCount "110"]
[EventDate "2009.06.08"]
[EventType "swiss"]
[EventRounds "10"]
[EventCountry "CUB"]
[SourceTitle "CBM 130 Extra"]
[Source "ChessBase"]
[SourceDate "2009.07.02"]
[SourceVersion "2"]
[SourceVersionDate "2009.07.15"]
[SourceQuality "1"]

1. d4 Nf6 2. c4 e6 3. Nc3 d5 4. cxd5 exd5 5. Bg5 Nbd7 6. e3 Be7 7. Bd3 0-0 8. Nf3 c6 9. 0-0 Re8 10. Qc2 Nf8 11. Rab1 a5 12. a3 g6 13. Ne5 Ne6 14. f4 Ng7 15. Rf3 Bf5 16. Bxf5 Nxf5 17. g4 Nxg4 18. Bxe7 Nfxe3 19. Bxd8 Nxc2 20. Bb6 Nce3 21. Nxg4 Nxg4 22. h3 Ne3 23. b3 Ra6 24. Na4 Nf5 25. Kf2 Nd6 26. Re1 Ne4+ 27. Kg2 Rc8 28. Bc5 Re8 29. Nb6 Re6 30. Rfe3 Kg7 31. a4 Kf6 32. R1e2 h6 33. Kf3 Kf5 34. Nc4 Nxc5 35. dxc5 dxc4 36. bxc4 Ra8 37. Rxe6 fxe6 38. Rd2 Rf8 39. Ke3 Kf6 40. Rd7 Rf7 41. Rd8 g5 42. fxg5+ hxg5 43. Ke4 Rh7 44. Rf8+ Ke7 45. Rb8 Rxh3 46. Rxb7+ Kf6 47. Rc7 Rh4+ 48. Kd3 g4 49. Rxc6 g3 50. Rc8 Rg4 51. Rf8+ Ke7 52. Rf1 g2 53. Rg1 Kd7 54. Ke3 Kc6 55. Kf3 Rg6 0-1

[Event "Capablanca Memorial op 44th"]
[Site "Havana"]
[Date "2009.06.12"]
[Round "5"]
[White "Margolin, Boris"]
[Black "Pazos, Marco"]
[Result "1-0"]
[WhiteElo "2436"]
[BlackElo "1973"]
[PlyCount "109"]
[EventDate "2009.06.08"]
[EventType "swiss"]
[EventRounds "10"]
[EventCountry "CUB"]
[SourceTitle "CBM 130 Extra"]
[Source "ChessBase"]
[SourceDate "2009.07.02"]
[SourceVersion "2"]
[SourceVersionDate "2009.07.15"]
[SourceQuality "1"]

1. e4 c5 2. Nc3 Nc6 3. Bb5 Nd4 4. Bc4 a6 5. Nge2 b5 6. Bd5 Rb8 7. Nxd4 cxd4 8. Ne2 e6 9. Bb3 Bb7 10. d3 Qb6 11. 0-0 d6 12. Kh1 Nf6 13. f4 Be7 14. Qe1 Nd7 15. a3 0-0 16. Qf2 Bf6 17. f5 Rbe8 18. Ng3 d5 19. exd5 exd5 20. Nh5 Be5 21. Bd2 a5 22. Rae1 Re7 23. Qf3 Rc8 24. Bg5 Ree8 25. Bxd5 Bxd5 26. Qxd5 Qc6 27. Qxc6 Rxc6 28. Re2 Rec8 29. Rff2 f6 30. Bf4 b4 31. axb4 axb4 32. b3 Rc5 33. h3 Kf7 34. Bxe5 fxe5 35. g4 h6 36. Kh2 Re8 37. Ng3 Nb6 38. Ne4 Rc6 39. g5 hxg5 40. Nxg5+ Kf6 41. Ne6 Re7 42. Rg2 Nd5 43. Ref2 Rcxe6 44. fxe6+ Nf4 45. Rg4 g5 46. h4 Rh7 47. Kg3 gxh4+ 48. Rxh4 Rg7+ 49. Rg4 Rc7 50. Rgxf4+ exf4+ 51. Kxf4 Kxe6 52. Ke4 Rd7 53. Rh2 Rd8 54. Rh6+ Ke7 55. Rc6 1-0

[Event "Capablanca Memorial op 44th"]
[Site "Havana"]
[Date "2009.06.11"]
[Round "4"]
[White "Pazos, Marco"]
[Black "Guerra Mendez, Jose Angel"]
[Result "0-1"]
[WhiteElo "1973"]
[BlackElo "2420"]
[PlyCount "98"]
[EventDate "2009.06.08"]
[EventType "swiss"]
[EventRounds "10"]
[EventCountry "CUB"]
[SourceTitle "CBM 130 Extra"]
[Source "ChessBase"]
[SourceDate "2009.07.02"]
[SourceVersion "2"]
[SourceVersionDate "2009.07.15"]
[SourceQuality "1"]

1. d4 Nf6 2. Nf3 e6 3. c4 b6 4. a3 Bb7 5. Nc3 d5 6. cxd5 Nxd5 7. e3 Nxc3 8. bxc3 Be7 9. Bb5+ c6 10. Bd3 0-0 11. 0-0 c5 12. e4 Qc7 13. Qe2 Nc6 14. Bb2 Rad8 15. Rad1 g6 16. Rfe1 Rfe8 17. Qe3 e5 18. d5 Na5 19. Bb5 Rf8 20. Qh6 f6 21. Bf1 Rf7 22. Qe3 c4 23. h3 Bc8 24. Qe2 Bd7 25. g3 Bd6 26. Bg2 Qc8 27. Kh2 b5 28. Rf1 Nb3 29. Ne1 Nc5 30. Bc1 Re8 31. Be3 Na4 32. Qd2 Bxa3 33. Ra1 Bc5 34. f4 a6 35. fxe5 Rxe5 36. Bd4 Rh5 37. h4 Bxd4 38. cxd4 c3 39. Qe3 Qe8 40. Bf3 Rxd5 41. Rxa4 bxa4 42. Qxc3 Rb5 43. Nd3 Rb3 44. Qc2 Bb5 45. Rd1 Bxd3 46. Rxd3 Qb5 47. Be2 Rb2 48. Qd1 a3 49. Rd2 Rxd2 0-1